Julie Mehretu : (Record no. 1088)

MARC details
000 -LEADER
campo de control de longitud fija 01293nam a22003137a 4500
008 - DATOS DE LONGITUD FIJA--INFORMACIÓN GENERAL
campo de control de longitud fija 161015s2006 gw||||| |||| 00| 0 eng d
020 ## - NÚMERO INTERNACIONAL ESTÁNDAR DEL LIBRO
Número Internacional Estándar del Libro 9783775718639
082 04 - NÚMERO DE LA CLASIFICACIÓN DECIMAL DEWEY
Número de clasificación 708
Número de ítem M498c
100 1# - ENTRADA PRINCIPAL--NOMBRE DE PERSONA
Nombre de persona Mehretu, Julie.
9 (RLIN) 5615
245 10 - MENCIÓN DEL TÍTULO
Título Julie Mehretu :
Resto del título black city /
Mención de responsabilidad, etc. curaduría por Agustín Pérez Rubio ; textos por Lawrence Chua...[et. al.] ; MUSAC (Museo de Arte Contemporáneo de Castilla y León.
246 2# - FORMA VARIANTE DEL TITULO
Título propio/Titulo breve Julie Maheretu :
Resto del título ciudad negra.
250 ## - MENCION DE EDICION
Mención de edición 1a ed.
260 ## - PUBLICACIÓN, DISTRIBUCIÓN, ETC.
Lugar de publicación, distribución, etc. Alemania :
Nombre del editor, distribuidor, etc. Hatje Cantz Verlag,
Fecha de publicación, distribución, etc. 2006.
300 ## - DESCRIPCIÓN FÍSICA
Extensión 208 p.
Otras características físicas il. col.
500 ## - NOTA GENERAL
Nota general Catálogo publicado con motivo a la exposición "Julie Mehretu", presentada en el MUSAC (Museo de Arte Contemporáneo de Castilla y León, del 23 de setiembre de 2006 al 7 de enero de 2007.
653 10 - TÉRMINO DE INDIZACIÓN--NO CONTROLADO
Término no controlado Arte contemporáneo
653 10 - TÉRMINO DE INDIZACIÓN--NO CONTROLADO
Término no controlado Catálogo de exhibición
653 10 - TÉRMINO DE INDIZACIÓN--NO CONTROLADO
Término no controlado Exhibiciones
653 10 - TÉRMINO DE INDIZACIÓN--NO CONTROLADO
Término no controlado Arte - Etiopía
653 10 - TÉRMINO DE INDIZACIÓN--NO CONTROLADO
Término no controlado Pintura
653 10 - TÉRMINO DE INDIZACIÓN--NO CONTROLADO
Término no controlado Dibujo abstracto
653 10 - TÉRMINO DE INDIZACIÓN--NO CONTROLADO
Término no controlado Exhibición itinerante
700 1# - ENTRADA AGREGADA--NOMBRE PERSONAL
Nombre de persona Pérez Rubio, Agustín.
Término indicativo de función/relación curador.
9 (RLIN) 5616
700 1# - ENTRADA AGREGADA--NOMBRE PERSONAL
Nombre de persona Chua, Lawrence.
9 (RLIN) 5617
700 1# - ENTRADA AGREGADA--NOMBRE PERSONAL
Nombre de persona Rabinowitz, Cay Sophie.
9 (RLIN) 5618
700 1# - ENTRADA AGREGADA--NOMBRE PERSONAL
Nombre de persona Pérez Rubio, Agustín.
9 (RLIN) 5619
700 1# - ENTRADA AGREGADA--NOMBRE PERSONAL
Nombre de persona Steinweg, Marcus.
9 (RLIN) 5620
710 1# - ENTRADA AGREGADA--NOMBRE DE ENTIDAD CORPORATIVA
Nombre de entidad corporativa o nombre de jurisdicción como elemento de entrada MUSAC (Museo de Arte Contemporáneo de Castilla y León.
9 (RLIN) 5621
Holdings
Estatus retirado Estado de pérdida Fuente del sistema de clasificación o colocación Estado de daño No para préstamo Biblioteca de origen Biblioteca actual Ubicación en estantería Fecha de adquisición Total de préstamos Signatura topográfica completa Código de barras Visto por última vez Precio de reemplazo Tipo de ítem Koha
    Clasificación Decimal Dewey     Biblioteca LadoV Biblioteca LadoV   15/10/2016   708 M498c 001048 15/10/2016 15/10/2016 Material 01